Derecho de la libertad de creencias. Estudios en conmemoración del décimo aniversario de la entrada en vigencia de la Ley 19.638, sobre constitución jurídica de las Iglesias y organizaciones religiosas, Ley de cultos

Saved in:
Bibliografiske detaljer
Hovedforfatter: Picó Rubio, Jorge del (autor)
Format: Bog
Sprog:spansk
Udgivet: Santiago Abeledo-Perrot 2010
Udgivelse:1a. ed
Fag:
Tags: Tilføj Tag
Ingen Tags, Vær først til at tagge denne postø!

MARC

LEADER 00000cam a2200000 a 4500
001 UCG5726
003 CL-VaPUC
005 20250506170447.0
008 110317e20101200CL |||||||||||||||||spa|d
999 |c 344108  |d 344106 
020 |a 9789562389488 
040 |c Pontificia Universidad Católica de Valparaíso 
082 0 4 |a 342.0852  |b PIC  |2 21 
100 |a Picó Rubio, Jorge del   |e autor  |9 894311 
245 1 0 |a Derecho de la libertad de creencias. Estudios en conmemoración del décimo aniversario de la entrada en vigencia de la Ley 19.638, sobre constitución jurídica de las Iglesias y organizaciones religiosas, Ley de cultos 
250 |a 1a. ed 
260 |a Santiago  |b Abeledo-Perrot  |c 2010 
300 |a 200 p 
505 |a Antecedentes históricos e instituciones fundamentales de la Ley No. 19.638 La ley de constitución jurídica de entidades religiosas. Instituciones fundamentales /Jorge del Picó Rubio La ley de constitución jurídica de entidades religiosas: antecedentes históricos y análisis normativo desde la perspectiva de las confesiones minoritarias / Humberto Lagos Schuffeneger Derecho de la libertad de creencias: algunas perspectivas sobre la regulación jurídica de la libertad religiosa en el derecho americano y europeo La Ley Orgánica de Libertad Religiosa de 1980 y su proyección en Iberoamérica / Javier Ferrer Ortiz Derecho de la libertad de creencias: una mirada a América Latina / Juan Navarro Floria Educación para la ciudadanía y objeción de conciencia: el caso español / José́ Bazán López Las manifestaciones de la libertad religiosa, su regulación jurídica y el impacto de la entrada en vigor de la Ley No. 19.638 La enseñanza de la religión y la Ley No. 19.638 de entidades religiosas / Carlos Salinas Araneda El matrimonio religioso con efectos civiles: un desarrollo-todavía parcial- de la Ley de Cultos / Hernán Corral Talciani Los ministros de culto en el ordenamiento jurídico chileno / María Pimstein Scroggie Las entidades religiosas chilenas y su autopercepción frente a la Ley No. 19.638 La Iglesia Católica: su autopercepción y la Ley no. 19.638 /Jorge Precht Pizarro Las confesiones minoritarias y la Ley No. 19.638 / Juan Rabah Cahbar Apéndice No. 1 Ley No. 19.638 "Normas sobre la Constitución Jurídica de las Iglesias y Organizaciones Religiosas" 
583 |a last modification  |c 20190801 08:28:18  |k Rodrigo Vera 
600 0 7 |a BAZAN LOPEZ, JOSE  |2 CL-VaPUC  |9 555484 
600 0 |a Corral Talciani, Hernán Felipe  |e autor   |9 555485 
600 0 7 |a FERRER ORTIZ, JAVIER  |2 CL-VaPUC  |9 555486 
600 0 |a Navarro Floria, Juan Gregorio,  |d 1961-  |9 555487 
600 0 7 |a PIMSTEIN SCROOGIE, MARIA  |2 CL-VaPUC  |9 555488 
600 0 7 |a PRETCH PIZARRO, JORGE  |2 CL-VaPUC  |9 555489 
600 0 7 |a RABAH CAHBAR. JUAN  |2 CL-VaPUC  |9 555490 
600 0 7 |a Salinas Araneda, Carlos René  |d 1949-  |9 902665 
600 0 7 |a Lagos Schuffeneger, Humberto  |9 859850 
650 7 |a LEY DEL CULTO  |2 CL-VaPUC  |9 555493 
650 7 |a LEY 19.638  |2 CL-VaPUC  |9 555494 
650 0 |a Igualdad ante la ley  |9 382454 
650 7 |a LIBERTAD RELIGIOSA  |2 CL-VaPUC  |9 555495 
650 0 |a Personalidad jurídica   |9 315329 
852 |a BIBCUR 
942 |c BK  |2 ddc 
945 |d 20110317 00:00:00  |a jcampos 
952 |0 0  |1 0  |4 0  |6 342_085200000000000_PIC_2010  |7 0  |8 A  |9 441900  |a BIBDER  |b BIBDER  |d 2019-11-22  |i 4754581  |o 342.0852 PIC 2010  |p 4754581  |r 2023-01-25  |w 2019-11-22  |y BK  |k DER 
952 |0 0  |1 0  |4 0  |6 342_085200000000000_PIC_2010  |7 0  |8 A  |9 441901  |a BIBDER  |b BIBDER  |d 2019-11-22  |i 4840216  |o 342.0852 PIC 2010  |p 4840216  |r 2023-01-25  |w 2019-11-22  |y BK  |k DER